000 00462nam a22001817a 4500
003 koha_MIRAKIL
005 20231213095936.0
008 231213b |||||||| |||| 00| 0 ||| d
020 _b978-6-05-114306-4
040 _aTR-IsEVY
_btur
_cTR-IsEVY
082 _a808.06831 ÖZE/Ş
100 _aÖzen, Birsen Ekim.
245 0 _aŞirin
_bnasıl ünlü oldum
250 _a14. bs.
260 _bTimaş Yayınları,
_c2015
300 _a94 s.
942 _2ddc
_cBK
999 _c11958
_d11958